00486nam a2200193 a 4500001001300000003000900013005001700022008004100039020001100080082001500091100001900106245002600125260004900151300000900200500003500209505001000244650001900254700001900273nice12345678IN_TiNIC20260116012149.0050524s1966 mica grp 000 0 eng  ac7.1200a248.4bEDM aEdman, Raymond aThey Found the Secret aMichigan bZondervan Publishing House c1966 a159p aincludes index and biblioraphy2 aIndex aChristian-Life1 aEdman, Raymond